[Event "Curitiba Parana op"]
[White "Salvadego, Matheus Henrique De"]
[Black "Segato, Pedro Henrique Pedr"]
[Site "Curitiba"]
[Round "5"]
[Result "1-0"]
[Date "2023.04.23"]
[WhiteElo "1940"]
[BlackElo "2010"]
[PlyCount "35"]
[EventDate "2023.04.21"]
[EventType "swiss"]
[EventRounds "6"]
[EventCountry "BRA"]
[SourceTitle "CBM 214 Extra"]
[Source "ChessBase"]
[SourceDate "2023.07.31"]
[SourceVersion "1"]
[SourceVersionDate "2023.07.31"]
[SourceQuality "1"]

1. e4 c6 2. d4 d5 3. f3 dxe4 4. fxe4 e5 5. Nf3 exd4 6. Bc4 Nf6 7. 0-0 Be7 8. Ng5 0-0 9. Nxf7 Qa5 10. Ng5+ Kh8 11. e5 Qxe5 12. Nf7+ Rxf7 13. Bxf7 Bg4 14. Qe1 Qxe1 15. Rxe1 Bb4 16. Bd2 Bc5 17. Kh1 Bf5 18. Re5 1-0

[Event "Curitiba Parana op"]
[White "Salvadego, Matheus Henrique De"]
[Black "Calcado, Acyr Rogerio"]
[Site "Curitiba"]
[Round "3"]
[Result "1-0"]
[Date "2023.04.22"]
[WhiteElo "1940"]
[BlackElo "2150"]
[PlyCount "47"]
[EventDate "2023.04.21"]
[EventType "swiss"]
[EventRounds "6"]
[EventCountry "BRA"]
[SourceTitle "CBM 214 Extra"]
[Source "ChessBase"]
[SourceDate "2023.07.31"]
[SourceVersion "1"]
[SourceVersionDate "2023.07.31"]
[SourceQuality "1"]

1. e4 c5 2. c3 Nf6 3. e5 Nd5 4. d4 cxd4 5. Nf3 e6 6. cxd4 d6 7. exd6 Bxd6 8. Bd3 Nf4 9. Bxf4 Bxf4 10. 0-0 Bd7 11. d5 exd5 12. Re1+ Kf8 13. Qb3 Bc6 14. Nd4 Bxh2+ 15. Kf1 h5 16. g3 h4 17. Nf5 Qa5 18. Nxh4 Nd7 19. Qa3+ Qc5 20. b4 Qd4 21. Nf5 Qb6 22. b5+ Nc5 23. bxc6 g6 24. Rc1 1-0

[Event "South America-ch U12 16th"]
[White "Najurieta Cano, Tiziano"]
[Black "Salvadego, Matheus Henrique De"]
[Site "Buenos Aires"]
[Round "1.4"]
[Result "1-0"]
[Date "2019.12.01"]
[WhiteElo "1372"]
[BlackElo "1871"]
[PlyCount "107"]
[EventDate "2019.12.01"]
[EventType "swiss"]
[EventRounds "9"]
[EventCountry "ARG"]
[SourceTitle "EXT 2024"]
[Source "ChessBase"]
[SourceDate "2023.10.10"]
[SourceVersion "1"]
[SourceVersionDate "2023.10.10"]
[SourceQuality "1"]

1. d4 Nf6 2. c4 g6 3. Nc3 d5 4. cxd5 Nxd5 5. e4 Nxc3 6. bxc3 Bg7 7. Bc4 0-0 8. Ne2 c5 9. Be3 Nc6 10. Rc1 Qa5 11. Kf1 Rd8 12. h4 Ne5 13. Bd5 Ng4 14. Bg5 Bf6 15. Qd2 cxd4 16. cxd4 Qxd2 17. Bxd2 e6 18. Bb3 Bxd4 19. Nxd4 Rxd4 20. Bc3 Rxe4 21. f3 Rf4 22. Ke2 Nf6 23. g3 Rf5 24. g4 Nxg4 25. fxg4 Rc5 26. Bf6 Rxc1 27. Rxc1 Bd7 28. Rd1 Bc6 29. Rd8+ Rxd8 30. Bxd8 Kf8 31. Bf6 Ke8 32. Ke3 Kd7 33. Kf4 Bb5 34. Bd1 Bc4 35. a3 Kd6 36. Bf3 b5 37. Bd4 a5 38. Bc3 a4 39. Bb4+ Kd7 40. Ke5 f5 41. g5 Bd3 42. Kf6 Bc4 43. Kg7 f4 44. Kxh7 Bd3 45. Bc3 Kd6 46. h5 gxh5+ 47. g6 e5 48. Kh6 h4 49. g7 Bc4 50. Kg5 h3 51. Kh4 Be6 52. Be4 h2 53. Bd3 Kc5 54. Bxe5 1-0

[Event "Sao Bento do Sul op"]
[White "Salvadego, Matheus Henrique De"]
[Black "De Oliveira, Guilherme Alfredo B"]
[Site "Sao Bento do Sul"]
[Round "5"]
[Result "1/2-1/2"]
[Date "2019.08.24"]
[WhiteElo "1884"]
[BlackElo "1981"]
[PlyCount "54"]
[EventDate "2019.08.23"]
[EventType "swiss"]
[EventRounds "7"]
[EventCountry "BRA"]
[SourceTitle "EXT 2020"]
[Source "ChessBase"]
[SourceDate "2019.10.17"]
[SourceVersion "1"]
[SourceVersionDate "2019.10.17"]
[SourceQuality "1"]

1. e4 c5 2. Nf3 e6 3. d4 cxd4 4. Nxd4 Nc6 5. Nc3 Qc7 6. Ndb5 Qb8 7. Be3 Nf6 8. f3 Be7 9. Qd2 0-0 10. Nd4 a6 11. Na4 Qc7 12. 0-0-0 b5 13. Nxc6 dxc6 14. Nc5 Rd8 15. Bd3 Nd7 16. Qf2 a5 17. Kb1 a4 18. Nxd7 Rxd7 19. Bc5 a3 20. Bxe7 Rxe7 21. Qc5 axb2 22. Bxb5 Bb7 23. Bc4 Rd7 24. Bb3 Rad8 25. Rxd7 Rxd7 26. Kxb2 Rd2 27. g3 h6 1/2-1/2

[Event "Sao Bento do Sul op"]
[White "Salvadego, Matheus Henrique De"]
[Black "Campagnolo, Bruna1"]
[Site "Sao Bento do Sul"]
[Round "1"]
[Result "1-0"]
[Date "2019.08.23"]
[WhiteElo "1884"]
[BlackElo "1345"]
[PlyCount "61"]
[EventDate "2019.08.23"]
[EventType "swiss"]
[EventRounds "7"]
[EventCountry "BRA"]
[SourceTitle "EXT 2020"]
[Source "ChessBase"]
[SourceDate "2019.10.17"]
[SourceVersion "1"]
[SourceVersionDate "2019.10.17"]
[SourceQuality "1"]

1. e4 c5 2. Nf3 Nc6 3. d4 cxd4 4. Nxd4 d6 5. Be3 Nf6 6. Nc3 g6 7. f3 Bg7 8. Qd2 0-0 9. Bc4 a6 10. 0-0-0 Bd7 11. g4 b5 12. Bb3 Rb8 13. h4 e6 14. Nxc6 Bxc6 15. Qxd6 Qxd6 16. Rxd6 Rbc8 17. g5 Nh5 18. Rhd1 Be5 19. R6d3 a5 20. a3 Rfe8 21. Ne2 a4 22. Ba2 Rb8 23. Bd4 Bd6 24. Ba7 Bf4+ 25. Nxf4 Nxf4 26. Rd6 Rb7 27. Be3 Ne2+ 28. Kd2 Rc7 29. Kxe2 Bb7 30. c3 e5 31. Rd8 1-0

[Event "Caioba Copel op 5th"]
[White "Salvadego, Matheus Henrique De"]
[Black "Almeida Junior, Alvaro Alves de"]
[Site "Caioba"]
[Round "3"]
[Result "1/2-1/2"]
[Date "2019.08.16"]
[WhiteElo "1884"]
[BlackElo "2097"]
[PlyCount "151"]
[EventDate "2019.08.15"]
[EventType "swiss"]
[EventRounds "6"]
[EventCountry "BRA"]
[SourceTitle "EXT 2020"]
[Source "ChessBase"]
[SourceDate "2019.10.17"]
[SourceVersion "1"]
[SourceVersionDate "2019.10.17"]
[SourceQuality "1"]

1. e4 Nf6 2. e5 Nd5 3. c4 Nb6 4. d4 d6 5. exd6 exd6 6. Nc3 Be7 7. Bd3 0-0 8. Be3 Re8 9. Qc2 h6 10. Nge2 Bg5 11. c5 dxc5 12. dxc5 Bxe3 13. fxe3 N6d7 14. 0-0-0 c6 15. Ne4 Qa5 16. Nd6 Rf8 17. Bf5 Qc7 18. Rdf1 Kh8 19. Nd4 Na6 20. Be6 Ne5 21. Bxc8 Raxc8 22. Rf5 Nb4 23. Qb3 Nbd3+ 24. Kb1 Nxc5 25. Qa3 Qxd6 26. Rc1 b6 27. Rd1 Qc7 28. b4 Nb7 29. Qc3 Qe7 30. Rh5 Nd6 31. Nc2 Ndc4 32. Rd4 Qe6 33. Re4 f6 34. Nd4 Qf7 35. Reh4 Ng6 36. Rh3 Nce5 37. Nf5 Qc4 38. Rxh6+ Kg8 39. Qxc4+ Nxc4 40. Rxg6 Rc7 41. Rhg3 Ne5 42. Rxg7+ Rxg7 43. Rxg7+ Kh8 44. Rxa7 Rd8 45. Kb2 Nc4+ 46. Kc3 b5 47. Rf7 Rd2 48. Rxf6 Rxg2 49. Rxc6 Rxa2 50. h4 Nd2 51. Kd4 Nb3+ 52. Ke5 Ra4 53. Kf6 Ra7 54. Kg6 Ra8 55. Rb6 Nd2 56. h5 Ne4 57. h6 Kg8 58. Ng7 Rf8 59. Re6 Nc3 60. e4 Ne2 61. Rf6 Nf4+ 62. Kf5 Rxf6+ 63. Kxf6 Nd3 64. e5 Nxb4 65. Nf5 Kh7 66. e6 Nd5+ 67. Ke5 Nc7 68. e7 b4 69. Kd6 Ne8+ 70. Kd7 b3 71. Ng7 b2 72. Nxe8 b1Q 73. Nf6+ Kxh6 74. e8Q Qb5+ 75. Ke7 Qxe8+ 76. Nxe8 1/2-1/2

[Event "Sao Jose dos Pinhais U2200"]
[White "Salvadego, Matheus Henrique De"]
[Black "Almeida Junior, Alvaro Alves de"]
[Site "Sao Jose dos Pinhais"]
[Round "7"]
[Result "0-1"]
[Date "2019.05.26"]
[WhiteElo "1947"]
[BlackElo "2053"]
[PlyCount "54"]
[EventDate "2019.05.24"]
[EventType "swiss"]
[EventRounds "7"]
[EventCountry "BRA"]
[SourceTitle "EXT 2020"]
[Source "ChessBase"]
[SourceDate "2019.10.17"]
[SourceVersion "1"]
[SourceVersionDate "2019.10.17"]
[SourceQuality "1"]

1. e4 c5 2. Nf3 d6 3. d4 cxd4 4. Nxd4 Nf6 5. Nc3 a6 6. Bg5 e6 7. f4 Be7 8. Qf3 Qc7 9. 0-0-0 Nbd7 10. Bd3 h6 11. Qh3 Rg8 12. Bxf6 Nxf6 13. e5 dxe5 14. fxe5 Qxe5 15. Kb1 Bd7 16. Bc4 0-0-0 17. Qf3 Kb8 18. Rd3 Qc7 19. b3 Rc8 20. a4 Bc5 21. Rhd1 Bxd4 22. Rxd4 Bc6 23. Qe2 Rgd8 24. Bxa6 Rxd4 25. Rxd4 bxa6 26. Qxa6 Bb7 27. Rb4 Nd5 0-1

[Event "Sao Jose dos Pinhais U2200"]
[White "Salvadego, Matheus Henrique De"]
[Black "Machado, Wesley Henrique"]
[Site "Sao Jose dos Pinhais"]
[Round "1"]
[Result "1-0"]
[Date "2019.05.24"]
[WhiteElo "1947"]
[BlackElo "1341"]
[PlyCount "83"]
[EventDate "2019.05.24"]
[EventType "swiss"]
[EventRounds "7"]
[EventCountry "BRA"]
[SourceTitle "EXT 2020"]
[Source "ChessBase"]
[SourceDate "2019.10.17"]
[SourceVersion "1"]
[SourceVersionDate "2019.10.17"]
[SourceQuality "1"]

1. e4 e5 2. Nf3 Nc6 3. Bb5 a6 4. Ba4 Bc5 5. 0-0 b5 6. Bb3 Nf6 7. d3 d6 8. c3 Ba7 9. h3 0-0 10. Bg5 h6 11. Bh4 Be6 12. Bc2 Kh8 13. d4 Bd7 14. dxe5 Nxe5 15. Nxe5 dxe5 16. Bxf6 gxf6 17. Qh5 Kh7 18. Kh1 Qe7 19. f4 Rg8 20. fxe5 Rg5 21. exf6 Rxh5 22. fxe7 Kg7 23. Rd1 Bc6 24. Rd8 Rb8 25. e8Q Bxe8 26. Rxb8 Bxb8 27. Nd2 Bc6 28. Nf3 f5 29. Nd4 Bxe4 30. Bxe4 fxe4 31. Nc6 Rd5 32. Nxb8 Rd6 33. Re1 Rb6 34. Nd7 Rd6 35. Nc5 Rc6 36. b4 a5 37. Rxe4 axb4 38. cxb4 Rd6 39. Re7+ Kf6 40. Rxc7 Rd1+ 41. Kh2 Rd2 42. Ne4+ 1-0

[Event "Sao Bento do Sul op 05"]
[White "Salvadego, Matheus Henrique De"]
[Black "De Oliveira, Guilherme Alfredo B"]
[Site "Sao Bento do Sul"]
[Round "4"]
[Result "0-1"]
[Date "2019.05.18"]
[WhiteElo "1947"]
[BlackElo "2001"]
[PlyCount "68"]
[EventDate "2019.05.17"]
[EventType "swiss"]
[EventRounds "7"]
[EventCountry "BRA"]
[SourceTitle "CBM 195 Extra"]
[Source "ChessBase"]
[SourceDate "2020.05.31"]
[SourceVersion "1"]
[SourceVersionDate "2020.05.31"]
[SourceQuality "1"]

1. e4 d6 2. Nf3 g6 3. d4 Bg7 4. c3 Nd7 5. Bc4 e6 6. Bg5 Ne7 7. 0-0 h6 8. Bf4 g5 9. Bc1 Ng6 10. Qb3 Qe7 11. Na3 0-0 12. Nc2 c6 13. Qa3 c5 14. Ne3 b6 15. Qb3 Bb7 16. d5 Nde5 17. dxe6 Bxe4 18. exf7+ Kh8 19. Nxe5 Nxe5 20. Nd5 Qxf7 21. Nxb6 Nxc4 22. Nxa8 Bxa8 23. Qd1 Be5 24. a4 Nxb2 25. Bxb2 Qb7 26. Qg4 Qxb2 27. Qe6 Kg7 28. Rab1 Qd2 29. Qd7+ Rf7 30. Qc8 Qf4 31. Qh3 Be4 32. Rb8 Bf5 33. Qg3 Qxg3 34. hxg3 Bxc3 0-1

[Event "Concordia op 5th"]
[White "Salvadego, Matheus Henrique De"]
[Black "Cordeiro, Marco Aurelio Zaror"]
[Site "Concordia"]
[Round "9"]
[Result "0-1"]
[Date "2019.05.05"]
[WhiteElo "1947"]
[BlackElo "2221"]
[PlyCount "82"]
[EventDate "2019.05.01"]
[EventType "swiss"]
[EventRounds "9"]
[EventCountry "BRA"]
[SourceTitle "CBM 190 Extra"]
[Source "ChessBase"]
[SourceDate "2019.07.15"]
[SourceVersion "1"]
[SourceVersionDate "2019.07.15"]
[SourceQuality "1"]

1. d4 Nf6 2. Nf3 g6 3. Bg5 Bg7 4. Nbd2 d6 5. e4 h6 6. Bf4 0-0 7. Bd3 Nbd7 8. 0-0 e5 9. dxe5 Nh5 10. Be3 dxe5 11. Bc4 Qe7 12. c3 Nhf6 13. h3 Rd8 14. Qc2 Nf8 15. Rfd1 Ne8 16. b4 c6 17. a4 Be6 18. Bc5 Nd6 19. Bb3 b6 20. Bxd6 Rxd6 21. Bxe6 Qxe6 22. a5 Rad8 23. axb6 axb6 24. Ra6 c5 25. Rda1 Nd7 26. Qa2 Qxa2 27. R1xa2 Nb8 28. Ra8 cxb4 29. cxb4 Nc6 30. Rxd8+ Rxd8 31. Rb2 b5 32. Nb3 Bf8 33. Nc5 Bxc5 34. bxc5 Rd1+ 35. Kh2 b4 36. Nd2 Rc1 37. Nb3 Rc3 38. f3 f6 39. Kg3 Kf7 40. Kf2 Ke6 41. Ke2 Rxb3 0-1

[Event "Concordia op 5th"]
[White "Salvadego, Matheus Henrique De"]
[Black "Santa Cruz, Nestor"]
[Site "Concordia"]
[Round "3"]
[Result "1-0"]
[Date "2019.05.02"]
[WhiteElo "1947"]
[BlackElo "1653"]
[PlyCount "47"]
[EventDate "2019.05.01"]
[EventType "swiss"]
[EventRounds "9"]
[EventCountry "BRA"]
[SourceTitle "CBM 190 Extra"]
[Source "ChessBase"]
[SourceDate "2019.07.15"]
[SourceVersion "1"]
[SourceVersionDate "2019.07.15"]
[SourceQuality "1"]

1. d4 Nf6 2. Nf3 e6 3. g3 d5 4. Bg2 c5 5. 0-0 Be7 6. c4 0-0 7. cxd5 exd5 8. dxc5 Bxc5 9. Bg5 Be6 10. Nc3 Nbd7 11. e4 dxe4 12. Nxe4 Be7 13. Nd4 Nxe4 14. Nxe6 fxe6 15. Bxe7 Qxe7 16. Bxe4 Nf6 17. Bg2 Rad8 18. Qb3 b6 19. Rae1 Rd6 20. Re2 Qf7 21. Bh3 Nd5 22. Rfe1 Re8 23. f4 Kf8 24. Qa3 1-0

[Event "Florianopolis op 5th"]
[White "Carvalho, Celestino Jr"]
[Black "Salvadego, Matheus Henrique De"]
[Site "Florianopolis"]
[Round "8"]
[Result "1/2-1/2"]
[Date "2019.01.26"]
[WhiteElo "1976"]
[BlackElo "1844"]
[PlyCount "53"]
[EventDate "2019.01.21"]
[EventType "swiss"]
[EventRounds "10"]
[EventCountry "BRA"]
[SourceTitle "CBM 188 Extra"]
[Source "ChessBase"]
[SourceDate "2019.02.28"]
[SourceVersion "1"]
[SourceVersionDate "2019.02.28"]
[SourceQuality "1"]

1. e4 c5 2. Nf3 Nc6 3. d3 e6 4. g3 d5 5. Nbd2 Nf6 6. Bg2 Be7 7. 0-0 0-0 8. Re1 b5 9. h4 Qc7 10. a4 b4 11. b3 Bb7 12. Nf1 Rfc8 13. Bf4 Qd8 14. e5 Nd7 15. h5 h6 16. Ne3 a5 17. Ng4 Qf8 18. Qd2 Kh8 19. Ngh2 Nb6 20. g4 d4 21. g5 Nd5 22. Bg3 hxg5 23. Nxg5 Bxg5 24. Qxg5 Nce7 25. Ng4 Nf6 26. Kh2 Ra7 27. Rh1 1/2-1/2

[Event "Florianopolis op 5th"]
[White "Salvadego, Matheus Henrique De"]
[Black "Campos, Alexandre Ferreira"]
[Site "Florianopolis"]
[Round "5"]
[Result "0-1"]
[Date "2019.01.24"]
[WhiteElo "1844"]
[BlackElo "2073"]
[PlyCount "116"]
[EventDate "2019.01.21"]
[EventType "swiss"]
[EventRounds "10"]
[EventCountry "BRA"]
[SourceTitle "CBM 188 Extra"]
[Source "ChessBase"]
[SourceDate "2019.02.28"]
[SourceVersion "1"]
[SourceVersionDate "2019.02.28"]
[SourceQuality "1"]

1. Nf3 f5 2. g3 Nf6 3. Bg2 g6 4. 0-0 Bg7 5. d4 0-0 6. c4 d6 7. Nc3 Na6 8. Qb3 h6 9. Rd1 Kh7 10. a3 c6 11. Qc2 Qe8 12. d5 cxd5 13. cxd5 Nc5 14. Be3 b6 15. Nd4 Bd7 16. Nc6 e5 17. Nb5 Nxd5 18. Nxd6 Nxe3 19. fxe3 Qe6 20. b4 e4 21. Rac1 Bxc6 22. bxc5 Bd5 23. Qd2 Bb3 24. cxb6 Rad8 25. bxa7 Bxd1 26. Rxd1 Be5 27. Qa5 Bxd6 28. Qb6 Rd7 29. Qc6 Rc7 30. a8Q Rxa8 31. Qxa8 Bc5 32. Qd8 Qe7 33. Qxe7+ Rxe7 34. a4 Bxe3+ 35. Kf1 Ra7 36. Ra1 Kg7 37. g4 Kf6 38. gxf5 gxf5 39. a5 Ra6 40. Ke1 Bb6 41. Kd1 Kg5 42. Kc2 Rxa5 43. Rxa5 Bxa5 44. Kb3 Bc7 45. Kc4 Bxh2 46. Kd5 Kg4 47. e3 Bg1 48. Bf1 Kf3 49. Ke5 Kg4 50. Kd4 h5 51. Be2+ Kg5 52. Bf1 h4 53. Bh3 Bh2 54. Kd5 Bb8 55. Ke6 f4 56. exf4+ Kxf4 57. Bf1 e3 58. Kf6 h3 0-1

[Event "Curitiba Fexpar op 1st"]
[White "Salvadego, Matheus Henrique De"]
[Black "Silva, Richard Santana"]
[Site "Curitiba"]
[Round "3"]
[Result "1-0"]
[Date "2018.11.03"]
[WhiteElo "1818"]
[BlackElo "1394"]
[PlyCount "92"]
[EventDate "2018.11.02"]
[EventType "swiss"]
[EventRounds "7"]
[EventCountry "BRA"]
[SourceTitle "EXT 2020"]
[Source "ChessBase"]
[SourceDate "2019.10.17"]
[SourceVersion "1"]
[SourceVersionDate "2019.10.17"]
[SourceQuality "1"]

1. d4 Nf6 2. c4 e6 3. Nc3 Bb4 4. e3 0-0 5. Bd3 c5 6. Nf3 Nc6 7. 0-0 Bxc3 8. bxc3 b6 9. Ba3 d6 10. e4 e5 11. d5 Ne7 12. Nh4 Ng4 13. h3 Nf6 14. Bc1 Nd7 15. f4 Nxd5 16. Nf5 Nxf4 17. Bxf4 exf4 18. Nxd6 Ne5 19. Be2 Qf6 20. Nxc8 Raxc8 21. Qc1 Ng6 22. Bg4 Rce8 23. Bf5 Re5 24. a3 Rfe8 25. Ra2 R8e7 26. Re2 Qd6 27. Rd2 Qf6 28. Rd8+ Re8 29. Rxe8+ Rxe8 30. Bxg6 Qxg6 31. Qxf4 f6 32. Re1 Qf7 33. Qd6 Qxc4 34. Qc6 Qe6 35. Qb7 Qf7 36. Qc6 Qe7 37. Qd5+ Qe6 38. Rd1 Qxd5 39. exd5 Kf7 40. c4 Ke7 41. Kf2 Kd6 42. Kf3 Re5 43. a4 h6 44. g4 g5 45. Rd2 Re7 46. Ra2 Kd7 1-0

[Event "Curitiba Fexpar op 1st"]
[White "Do Valle Cardoso, Lucas"]
[Black "Salvadego, Matheus Henrique De"]
[Site "Curitiba"]
[Round "2"]
[Result "1-0"]
[Date "2018.11.02"]
[WhiteElo "2101"]
[BlackElo "1818"]
[PlyCount "75"]
[EventDate "2018.11.02"]
[EventType "swiss"]
[EventRounds "7"]
[EventCountry "BRA"]
[SourceTitle "EXT 2020"]
[Source "ChessBase"]
[SourceDate "2019.10.17"]
[SourceVersion "1"]
[SourceVersionDate "2019.10.17"]
[SourceQuality "1"]

1. e4 e6 2. d4 d5 3. Nc3 Nf6 4. Bg5 Be7 5. e5 Nfd7 6. Bxe7 Qxe7 7. f4 a6 8. Nf3 c5 9. Qd2 Nc6 10. dxc5 Nxc5 11. Nd4 Bd7 12. 0-0-0 b5 13. Qe3 Nxd4 14. Qxd4 b4 15. Ne2 Bb5 16. Kb1 Ne4 17. Ng3 Nxg3 18. Bxb5+ axb5 19. hxg3 Rc8 20. Qd3 Qc5 21. Rxh7 Rxh7 22. Qxh7 g6 23. Rc1 d4 24. Qh1 Qc6 25. Qd1 Qd5 26. Qf3 Qd7 27. Qd3 Rc4 28. Rd1 Rc5 29. Qd2 Rc4 30. b3 Rc3 31. Qxd4 Qxd4 32. Rxd4 Rxg3 33. Rxb4 Rxg2 34. Rxb5 Rf2 35. a4 Rxf4 36. a5 Kd7 37. a6 Kc6 38. Rb8 1-0

[Event "Blumenau STD op"]
[White "Feller, Gabriela Luisa Vice"]
[Black "Salvadego, Matheus Henrique De"]
[Site "Blumenau"]
[Round "3"]
[Result "1-0"]
[Date "2018.09.29"]
[WhiteElo "1581"]
[BlackElo "1818"]
[PlyCount "71"]
[EventDate "2018.09.28"]
[EventType "swiss"]
[EventRounds "6"]
[EventCountry "BRA"]
[SourceTitle "EXT 2020"]
[Source "ChessBase"]
[SourceDate "2019.10.17"]
[SourceVersion "1"]
[SourceVersionDate "2019.10.17"]
[SourceQuality "1"]

1. e4 e6 2. d4 d5 3. Nc3 Nf6 4. e5 Nfd7 5. f4 c5 6. Nf3 Nc6 7. Be3 Be7 8. Be2 b6 9. 0-0 Bb7 10. Nb5 0-0 11. c3 a6 12. Na3 cxd4 13. cxd4 b5 14. Nc2 Nb6 15. g4 Nc4 16. Bc1 f6 17. b3 Nb6 18. Qe1 fxe5 19. fxe5 Qc7 20. Qg3 Nd8 21. Ne3 Nc6 22. Qh3 g6 23. g5 Bc8 24. Ng4 Nb4 25. Nf6+ Bxf6 26. gxf6 Nc2 27. Rb1 Nxd4 28. Nxd4 Qxe5 29. Qe3 Qxe3+ 30. Bxe3 e5 31. Nc6 d4 32. Bh6 Bf5 33. Ne7+ Kh8 34. Nxf5 gxf5 35. Bxf8 Rxf8 36. Rxf5 1-0

[Event "Blumenau STD op"]
[White "Salvadego, Matheus Henrique De"]
[Black "Filgueiras, Nathan Felipe"]
[Site "Blumenau"]
[Round "2"]
[Result "0-1"]
[Date "2018.09.28"]
[WhiteElo "1818"]
[BlackElo "2188"]
[PlyCount "96"]
[EventDate "2018.09.28"]
[EventType "swiss"]
[EventRounds "6"]
[EventCountry "BRA"]
[SourceTitle "EXT 2020"]
[Source "ChessBase"]
[SourceDate "2019.10.17"]
[SourceVersion "1"]
[SourceVersionDate "2019.10.17"]
[SourceQuality "1"]

1. d4 Nf6 2. c4 e6 3. Nc3 Bb4 4. e3 0-0 5. Bd3 c5 6. a3 Bxc3+ 7. bxc3 Nc6 8. Ne2 b6 9. e4 Ne8 10. Bf4 Ba6 11. 0-0 Na5 12. Qa4 Rc8 13. d5 f6 14. dxe6 dxe6 15. Rad1 e5 16. Be3 Nd6 17. Ng3 Qe8 18. Bc2 Ndxc4 19. Qxe8 Rfxe8 20. Bc1 Red8 21. Nf5 Kf8 22. g4 g6 23. Ng3 Nd6 24. Rfe1 Ke7 25. g5 Nb5 26. gxf6+ Kxf6 27. h4 Ke6 28. Bb2 Nd6 29. Bc1 Nf7 30. f4 exf4 31. Bxf4 Nc6 32. Rd5 Bc4 33. Rxd8 Rxd8 34. Kf2 Nce5 35. Ne2 Nd3+ 36. Bxd3 Bxd3 37. Nc1 Bc4 38. Ke3 Ne5 39. Rh1 Bb5 40. Bxe5 Kxe5 41. h5 g5 42. Re1 h6 43. Rg1 Rf8 44. Rd1 Rf1 45. Rd5+ Ke6 46. Nd3 Bxd3 47. Rxd3 Rh1 48. Rd8 Rxh5 0-1

[Event "Sao Bento do Sul op 08"]
[White "Salvadego, Matheus Henrique De"]
[Black "Furmam, Fernando Gustavo"]
[Site "Sao Bento do Sul"]
[Round "6"]
[Result "0-1"]
[Date "2018.08.26"]
[WhiteElo "1817"]
[BlackElo "1877"]
[PlyCount "90"]
[EventDate "2018.08.24"]
[EventType "swiss"]
[EventRounds "6"]
[EventCountry "BRA"]
[SourceTitle "EXT 2021"]
[Source "ChessBase"]
[SourceDate "2020.10.23"]
[SourceVersion "1"]
[SourceVersionDate "2020.10.23"]
[SourceQuality "1"]

1. d4 d5 2. c4 c6 3. Nc3 Nf6 4. Nf3 a6 5. e3 b5 6. cxd5 cxd5 7. Bd3 Bg4 8. h3 Bxf3 9. Qxf3 e6 10. 0-0 Be7 11. e4 dxe4 12. Nxe4 Nbd7 13. Bf4 0-0 14. Rac1 Qb6 15. Bb1 Rac8 16. Be3 Nd5 17. Nc3 N7f6 18. Nxd5 Nxd5 19. Be4 Qd6 20. Rc5 Nxe3 21. Rxc8 Nxf1 22. Rxf8+ Bxf8 23. Kxf1 Qxd4 24. Qe2 g6 25. Bb7 a5 26. g3 b4 27. b3 Bc5 28. Kg2 Kg7 29. Ba6 e5 30. Bc4 f5 31. Qf3 e4 32. Qf4 Bd6 33. Qe3 Qxe3 34. fxe3 g5 35. Bd5 Kf6 36. Bg8 Bc5 37. Kf2 f4 38. Bxh7 Bxe3+ 39. Ke2 Ke5 40. gxf4+ gxf4 41. h4 Kd4 42. h5 f3+ 43. Ke1 Bg5 44. Bf5 e3 45. h6 Bh4+ 0-1